Wortgemisch-Länder in der Nähe des Himalajas - Statistiken

Allgemein
  • Dieses Quiz wurde 268 mal gespielt
  • Das Durchschnittsergebnis liegt bei 7 aus 7
Antwortstatistiken
Wortgemisch Land % Korrekt
nihca China
99%
plane Nepal
99%
pntakisa Pakistan
98%
nhaubt Bhutan
97%
eidnin Indien
96%
nisksirigat Kirgisistan
94%
hktcditassnai Tadschikistan
91%
Keine übereinstimmenden Quizze gefunden
Verteilung der Resultate
Anzahl Personen mit jedem Resultat
Perzentil nach korrekt beantworteten Fragen
Ihre Resultats-Entwicklung
Sie haben dieses Quiz noch nicht gespielt